Meilleurs gardiens de football de l'année (IFFHS) - Statistiques

Statistiques générales
  • Ce quiz a été pris 2 597 fois
  • Le résultat moyen est 17 sur 58
Statistiques - réponses
Nationalité Gardien % Correct
Allemagne Manuel Neuer
92%
Espagne Iker Casillas
90%
France Hugo Lloris
87%
Italie Gianluigi Buffon
84%
France Fabien Barthez
74%
Belgique Thibaut Courtois
70%
Allemagne Marc André Ter Stegen
66%
Brésil Alisson Becker
65%
Espagne David De Gea
64%
Costa Rica Keylor Navas
61%
Allemagne Oliver Kahn
60%
Italie Gianluigi Donnarumma
53%
Slovénie Jan Oblak
51%
Espagne Victor Valdes
51%
Portugal Rui Patricio
49%
Pays Bas Edwin Van der Sar
47%
Mexique Guillermo Ochoa
47%
Rep Tchèque Petr Cech
47%
Bresil Dida
46%
Danemark Peter Schmeichel
46%
Bresil Julio Cesar
36%
Croatie Danijel Subasic
34%
France Gregory Coupet
34%
Angleterre Joe Hart
34%
Uruguay Fernando Muslera
28%
Slovénie Samir Handanovic
28%
Chili Claudio Bravo
26%
Etats Unis Tim Howard
26%
Argentine Sergio Romero
23%
Italie Salvatore Sirigu
20%
Russie Igor Akinfeiev
19%
Espagne José Manuel Reina
16%
Allemagne Jens Lehmann
15%
Paraguay José Luis Chilavert
13%
Nigeria Vincent Enyeama
12%
Brésil Taffarel
11%
Italie Francesco Toldo
10%
Pologne Jerzy Dudek
10%
Portugal Vitor Baia
9%
Espagne Santiago Canizares
8%
Pays Bas Maarten Stekelenburg
6%
Portugal Ricardo Pereira
5%
Turquie Rustu Reçber
5%
Grèce Antonios Nikopolidis
3%
Etats-Unis Brad Friedel
3%
Brésil Rogerio Ceni
3%
Bresil Marcos
2%
Allemagne René Adler
2%
Argentine Roberto Abbondanzieri
2%
Espagne Andrés Palop
1%
Paraguay Justo Villar
1%
Colombie Oscar Cordoba
1%
Ouganda Denis Onyango
0%
Equateur José Cevallos
0%
Colombie Juan Carlos Henao
0%
Argentine Marcelo Barovero
0%
Russie Ruslan Nigmatullin
0%
Allemagne Timo Hildebrand
0%
Aucun quiz correspondant
Distribution des résultats
% des personnes avec chaque résultat
Percentile par nombre de réponses
Votre historique - résultats
Vous n’avez pas pris ce quiz